00797nam a22002057a 4500999001900000005001700019010001500036020002700051035001400078037001300092082001200105100002400117245010900141260005400250270008000304300003300384700002400417942002600441952012400467 c190022d19002220220715162231.0 aENG-133610 a9789354790508c1395.00 aEN-117142 bDBAD/PUB a324.954 aChakrabarty, Bidyut aElectoral Dynamism of Indian Politics Deciphering the Enigma/cBidyut Chakrabarty and Rajendra K. Pandey aNew DelhibSage Publications India Pvt. Ltdc2021 aB-1/I-I Mohan Cooperative Industrial Area Mathura Road, bNew Delhie110044 axiii, 328p.bIndexc22cm(hb) aPandey, Rajendra K. 2ddccENh324.954mCHA 001040708NFICaBNbBNd2022-07-15eDBAD/PUBg1395.00l0o324.954 CHApEN-117142r2022-07-15 00:00:00t1v1395.00yEN